000
00446nam a2200169Ia 4500
003
LDD
008
190117s9999 xx 000 0 und d
020
_c
₹50
040
_c
LDD
041
_a
hi
082
_a
8H3.708 क5926
100
_a
सिंह, मधुकर
245
0
_a
कमलेश्वर
_c
मधुकर सिंह
260
_a
दिल्ली
_b
शब्दकार
300
_a
10 भाग
942
_2
ddc
_c
H
999
_c
173806
_d
173806